| 000 -LEADER |
| fixed length control field |
00360cam a22001217a 4500 |
| 008 - FIXED-LENGTH DATA ELEMENTS--GENERAL INFORMATION |
| fixed length control field |
180718b1961 xxu||||| |||| 00| 0 eng d |
| 082 ## - DEWEY DECIMAL CLASSIFICATION NUMBER |
| Classification number |
A6x4 An24 |
| 100 ## - MAIN ENTRY--PERSONAL NAME |
| Personal name |
Anderson, M. S. |
| 245 ## - TITLE STATEMENT |
| Title |
Europe in the eighteenth century 1713-1783 |
| Statement of responsibility, etc. |
by M. S. Anderson |
| 260 ## - PUBLICATION, DISTRIBUTION, ETC. |
| Place of publication, distribution, etc. |
New york |
| Name of publisher, distributor, etc. |
Longmans |
| Date of publication, distribution, etc. |
1961 |
| 300 ## - PHYSICAL DESCRIPTION |
| Extent |
ix,364p. |
| 650 ## - SUBJECT ADDED ENTRY--TOPICAL TERM |
| Topical term or geographic name entry element |
Europe --History --18th century. |